000 00956 a2200445 4500
000 BKB
001 069244
005 20200902150238.0
008
010 _a
020 _a
082 _a519.72
_bL96L
100 1 _aLuenberger, David G.
110 _a
245 1 _aLinear and nonlinear programming
_cby David G. Luenberger and Yinyu Ye
250 _a
260 _aNew York
_bSpringer
_c2008
300 _a546p.
490 _a
_v
500 _a
600 _a
610 _a
611 _a
630 _a
650 _a
651 _a
654 _a
690 _aLinear programming; Nonlinear programming; Operations research; Engineering economy; Economics
700 _aYe, Yinyu
_b
_c
710 _a
_b
_c
711 _a
720 _a
730 _a
740 _a
752 _a
856 _a
_d
_f
904 _a
964 _a
_b
_c
_d
_e
_f
_g
965 _a
999 _c2846
_d2846